People Watching- Conan Gray (Lyrics) - Statistics

General Stats
  • This quiz has been taken 35 times
  • The average score is 253 of 322
Answer Stats
Section Lyrics % Correct
"I
100%
I
100%
(I
100%
a
96%
on
96%
people
96%
she
96%
She
96%
watchin'
96%
And
91%
and
91%
Be
91%
be
91%
I'm
91%
(I'm
91%
Verse 1 That
91%
that
91%
the
91%
to
91%
fallin'
87%
He
87%
I'll
87%
like
87%
me"
87%
me
87%
now
87%
only
87%
so
87%
some
87%
wanna
87%
wasn't
87%
without
87%
all
83%
almost
83%
but
83%
Chorus But
83%
caution
83%
cried
83%
emotion
83%
emotion)
83%
feel
83%
feel)
83%
for
83%
fun
83%
funny
83%
hard
83%
holdin'
83%
laughed
83%
love
83%
(Love
83%
my
83%
person
83%
Someday
83%
4
78%
in
78%
not
78%
of
78%
they
78%
They
78%
you
78%
AM
74%
attached
74%
been
74%
'cause
74%
clothing
74%
countin'
74%
her
74%
his
74%
how
74%
just
74%
They're
74%
they're
74%
together
74%
about
70%
class
70%
cut
70%
Bridge Cut
70%
engaged
70%
forty
70%
friends
70%
had
70%
holidays
70%
makin'
70%
met
70%
months
70%
much
70%
nine
70%
philosophy
70%
ring
70%
she's
70%
smarter
70%
tags
70%
tell
70%
tells
70%
than
70%
they've
70%
wears
70%
dream
65%
happy
65%
He's
65%
I've
65%
live
65%
lookin'
65%
metaphysical
65%
out
65%
seriously
65%
their
65%
them
65%
them)
65%
through
65%
until
65%
hoping
61%
keep
61%
know
61%
let
61%
never
61%
'round
61%
scared
61%
someone
61%
still
61%
up
61%
vicariously
61%
won't
61%
alone
57%
behind
57%
choose
57%
end
57%
fence
57%
futures
57%
house
57%
monotone
57%
picket
57%
really
57%
acted
52%
common
52%
havin'
52%
Life
52%
Next
52%
one
52%
sense
52%
talks
52%
use
52%
feels
48%
hope
48%
trust
48%
No matching quizzes found
Score Distribution
Percent of People with Each Score
Percentile by Number Answered
Your Score History
You have not taken this quiz